| 000 | 00568nam a2200181Ia 4500 | ||
|---|---|---|---|
| 005 | 20250326141847.0 | ||
| 008 | 250326s9999 xx 000 0 und d | ||
| 037 | _aTextbook | ||
| 040 |
_aFMSL _beng _cFMSL |
||
| 041 |
_aeng _2eng |
||
| 084 |
_aLogX:8DpN83 M4 _qFMSL |
||
| 100 |
_aWHO _973500 |
||
| 245 | 0 |
_aFicial Planning for Health for all by the year 2000 : Report of the Intercountry seminar _cWHO |
|
| 260 |
_aNew Delhi _bNew Delhi, World Health Org. _c1984 |
||
| 300 | _a247p | ||
| 942 |
_cTB _hLogX:8DpN83 M4 |
||
| 999 |
_c1292324 _d1292324 |
||